|
|
|
|
| LEADER |
01453nam a22003614a 4500 |
| 001 |
31366 |
| 003 |
BD-DhAAL |
| 005 |
20161006145016.0 |
| 008 |
161006s2006 nyu b 001 0 eng |
| 010 |
|
|
|a 2003056214
|
| 020 |
|
|
|a 0805070044
|
| 040 |
|
|
|a DLC
|c DLC
|d DLC
|d BD-DhAAL
|
| 050 |
0 |
0 |
|a UA23
|b .J5697 2004
|
| 082 |
0 |
0 |
|a 355.02130973
|2 22
|
| 100 |
1 |
|
|a Johnson, Chalmers,
|d 1931-2010.
|9 20592
|
| 245 |
1 |
4 |
|a The sorrows of empire :
|b militarism, secrecy, and the end of the Republic /
|c Chalmers Johnson.
|
| 260 |
|
|
|a New York :
|b Metropolitan Books,
|c 2006
|
| 300 |
|
|
|a 389 pages ;
|c 25 cm.
|
| 504 |
|
|
|a Includes bibliographical references [pages ([313]-366) and index.
|
| 526 |
|
|
|a BIGD
|
| 541 |
|
|
|e 31366
|
| 650 |
|
0 |
|a Militarism
|z United States.
|9 20593
|
| 650 |
|
0 |
|a Military-industrial complex
|z United States.
|9 20594
|
| 650 |
|
0 |
|a Civil-military relations
|z United States.
|9 20595
|
| 650 |
|
0 |
|a Imperialism.
|9 20596
|
| 650 |
|
0 |
|a Intervention (International law)
|9 20597
|
| 650 |
|
0 |
|a Official secrets
|z United States.
|9 20598
|
| 651 |
|
0 |
|a United States
|x Military policy.
|9 20599
|
| 651 |
|
0 |
|a United States
|x Foreign relations
|y 2001-
|9 20600
|
| 651 |
|
0 |
|a United States
|x Politics and government
|y 2001-2009.
|9 20601
|
| 942 |
|
|
|2 ddc
|c BK
|
| 999 |
|
|
|c 37829
|d 37829
|
| 952 |
|
|
|0 0
|1 0
|2 ddc
|4 0
|6 355_021309730000000_JOH
|7 0
|9 59668
|a IGS
|b IGS
|c GEN
|d 2016-09-25
|e Trim Education
|g 1472.00
|l 0
|o 355.02130973 JOH
|p 3010031366
|r 2016-10-02
|t 1
|v 1472.00
|w 2016-09-25
|y BK
|